|
|
|
|
| LEADER |
01590nam a2200277 i 4500 |
| 003 |
GR-PaULI |
| 005 |
20240227063338.0 |
| 008 |
190917s2005 gr |||g |||| 000 0 gre d |
| 952 |
|
|
|0 0
|1 0
|2 ddc
|4 0
|6 881_010000000000000_ΑΝΘ
|7 0
|9 363215
|a LISP
|b LISP
|c DON
|d 2022-08-03
|e ΠΑΤ
|i 152483
|l 0
|o 881.01 ΑΝΘ
|p 025000285102
|r 2022-08-03 00:00:00
|t 1
|w 2022-08-03
|y BKN
|
| 999 |
|
|
|c 212223
|d 212223
|
| 020 |
|
|
|a 9704425250
|
| 040 |
|
|
|a GR-PaULI
|b gre
|c GR-PaULI
|e AACR2
|
| 041 |
0 |
|
|a gre
|h grc
|
| 082 |
0 |
4 |
|2 23
|a 881.01
|
| 245 |
0 |
0 |
|a Ανθολογία αρχαίων ελληνικών ύμνων /
|b
|c εισαγωγή, μετάφραση, σχόλια Σταύρος Γκιργκένης ; πρόλογος Θεόδωρος Γ. Μαυρόπουλος.
|
| 260 |
|
|
|a Θεσσαλονίκη :
|b Ζήτρος,
|c 2005.
|
| 300 |
|
|
|a 494 σ. ;
|c 19 εκ.
|
| 490 |
1 |
|
|a Αρχαίοι συγγραφείς / Ζήτρος
|v
|
| 500 |
|
|
|a Ειδική έκδοση, προσφορά της εφημερίδας "Το Βήμα".
|
| 504 |
|
|
|a Περιλαμβάνει βιβλιογραφία.
|
| 650 |
|
4 |
|9 193316
|a Ύμνοι, Ελληνικοί (Κλασικοί)
|x Μεταφράσεις στα Νέα Ελληνικά.
|
| 700 |
1 |
|
|9 22641
|a Γκιργκένης, Σταύρος
|e μεταφραστής,
|e συγγραφέας εισαγωγής,
|e σχολιαστής.
|d 1972-
|
| 700 |
1 |
|
|9 22700
|a Μαυρόπουλος, Θεόδωρος Γ.
|e συγγραφέας προλόγου.
|
| 830 |
|
0 |
|a Αρχαίοι συγγραφείς (Ζήτρος)
|v
|9 159082
|
| 942 |
|
|
|2 ddc
|c BKN
|
| 998 |
|
|
|c ΜΠΟΥΡΑΣ
|d 2022-08
|